000 00490nam a2200145Ia 4500
008 100204s9999 xx 000 0 und d
082 _b1037
100 _aभागवत यशवंत
245 _aमुक्काम पे्रमनगर
260 _b"प्रपंच पंकाशन , पुणे"
_c1977
300 _a96
630 _aमुक्काम पे्रमनगर
730 _aमुक्काम पे्रमनगर
942 _cBOOK
999 _c446229
_d446226